00293nam a2200121Ia 4500003000400000008004100004082001500045100001800060245004900078260002800127300000800155650000800163OSt191201s2013 xx 000 0 und d a658.3bDWH aDWIVEDI, R.S. 0aHuman Relations and Organisational Behaviour aN. DelhibTrinityc2013 a907 aBBA